Energy / (Record no. 601243)

000 -LEADER
fixed length control field 00319nam a2200109Ia 4500
008 - FIXED-LENGTH DATA ELEMENTS--GENERAL INFORMATION
fixed length control field 230907s9999||||xx |||||||||||||| ||und||
082 ## - DEWEY DECIMAL CLASSIFICATION NUMBER
Classification number 531.6
Author Mark ENE
245 #0 - TITLE STATEMENT
Title Energy /
260 ## - PUBLICATION, DISTRIBUTION, ETC.
Place of publication, distribution, etc. Britannica Educational Pub. in association with Rosen Educational Services,
Name of publisher, distributor, etc. New York, NY :
Date of publication, distribution, etc. 2012
300 ## - PHYSICAL DESCRIPTION
Extent 79 p. :
942 ## - ADDED ENTRY ELEMENTS (KOHA)
Koha item type Book
Holdings
Withdrawn status Lost status Damaged status Not for loan Permanent Location Current Location Date acquired Total Checkouts Full call number Barcode Date last seen Price effective from Koha item type
        US-Pakistan Center for Advanced Studies in Energy (USPCAS-E) US-Pakistan Center for Advanced Studies in Energy (USPCAS-E) 10/10/2019   531.6 ENE CAS-E0005342 09/12/2023 09/12/2023 Book
© 2023 Central Library, National University of Sciences and Technology. All Rights Reserved.